[Event "Landsturneringen NM i sjakk 2013"]
[Site "Radisson Blu Lillehammer Hotel"]
[Date "2013.06.29"]
[Round "2"]
[White "Brekke, John Ivar"]
[Black "Hoem, Audun"]
[Result "0-1"]
[WhiteElo "1384"]
[BlackElo "1376"]
[PlyCount "90"]
[EventDate "2013.??.??"]

1. e4 c5 2. Nf3 g6 3. c4 Nc6 4. d4 cxd4 5. Nxd4 Nf6 6. Nc3 Nxd4 7. Qxd4 d6 8.
f3 Bg7 9. Be3 O-O 10. Qd2 Bd7 11. Bd3 Bc6 12. O-O a5 13. a4 Nd7 14. Bh6 Bxh6
15. Qxh6 Nc5 16. Qe3 Nxd3 17. Qxd3 Qb6+ 18. Rf2 Qc5 19. b3 Ra6 20. Nb5 Bxb5 21.
axb5 Raa8 22. Ra4 Rfc8 23. Kf1 Qg5 24. Qd2 Qxd2 25. Rxd2 b6 26. Ke2 Kg7 27. f4
Rc5 28. Rd5 Rd8 29. Rxc5 dxc5 30. Ra1 Rd4 31. Ke3 f6 32. Ra2 g5 33. g3 Kf7 34.
Rd2 Rxd2 35. Kxd2 gxf4 36. gxf4 f5 37. e5 Kg6 38. Ke3 Kh5 39. Kf3 Kh4 40. Kf2
Kg4 41. Ke3 Kh3 42. e6 Kxh2 43. Kf3 Kh3 44. Kf2 Kg4 45. Ke3 Kg3 0-1

[Event "Landsturneringen NM i sjakk 2013"]
[Site "Radisson Blu Lillehammer Hotel"]
[Date "2013.06.29"]
[Round "2"]
[White "Kristiansen, Oddvar"]
[Black "Blom, Geir"]
[Result "1-0"]
[WhiteElo "1389"]
[BlackElo "1271"]
[PlyCount "67"]
[EventDate "2013.??.??"]

1. c4 e5 2. Nc3 Nf6 3. g3 Nc6 4. Bg2 Bb4 5. d3 Bxc3+ 6. bxc3 h6 7. Nf3 d6 8.
Rb1 O-O 9. Nd2 Na5 10. Qa4 c6 11. Nb3 Nxb3 12. axb3 Be6 13. O-O Qc7 14. c5 dxc5
15. c4 Nd7 16. f4 f6 17. f5 Bf7 18. Be4 Rab8 19. Be3 a6 20. Qa2 Ra8 21. Qd2 Kh7
22. g4 b6 23. Rf3 Rfd8 24. Rh3 h5 25. gxh5 Rg8 26. Kh1 Nf8 27. Rg1 Be8 28. Rg6
Ra7 29. Qe1 Qc8 30. Qg3 a5 31. h6 Bxg6 32. fxg6+ Kh8 33. hxg7+ Kxg7 34. Bh6+
1-0

[Event "Landsturneringen NM i sjakk 2013"]
[Site "Radisson Blu Lillehammer Hotel"]
[Date "2013.06.29"]
[Round "2"]
[White "Ellingsrud, Bjørn"]
[Black "Strand, Ingrid"]
[Result "1-0"]
[WhiteElo "1262"]
[BlackElo "1316"]
[PlyCount "83"]
[EventDate "2013.??.??"]

1. e4 e5 2. Nf3 Nc6 3. Bc4 Bc5 4. O-O d6 5. h3 Bd7 6. c3 a6 7. d4 exd4 8. cxd4
Bb6 9. Re1 h6 10. Bf4 Qf6 11. Be3 Nge7 12. Nc3 Rd8 13. Bb3 O-O 14. a3 Ba5 15.
Re2 Bxc3 16. bxc3 Ng6 17. Qc2 Nf4 18. Bxf4 Qxf4 19. Qd2 Qf6 20. e5 dxe5 21.
Nxe5 Nxe5 22. Rxe5 Bc8 23. Rae1 b6 24. Qd3 Qc6 25. Bc2 g6 26. Qe3 Kg7 27. Bb3
Bd7 28. h4 h5 29. Qg3 Qd6 30. Bd1 Bg4 31. Bxg4 hxg4 32. Qxg4 Qxa3 33. R1e3 Qd6
34. h5 Qd7 35. Qg5 Qc6 36. Re7 Rde8 37. Qe5+ Kh7 38. Rxe8 Rxe8 39. Qxe8 Qc4 40.
hxg6+ Kxg6 41. Rg3+ Kf6 42. Qe5# 1-0

[Event "Landsturneringen NM i sjakk 2013"]
[Site "Radisson Blu Lillehammer Hotel"]
[Date "2013.06.29"]
[Round "2"]
[White "Solli, Jarle"]
[Black "Dyrhaug, Sverre S"]
[Result "1-0"]
[WhiteElo "1304"]
[BlackElo "1335"]
[PlyCount "57"]
[EventDate "2013.??.??"]

1. c4 Nf6 2. Nc3 e6 3. g3 Be7 4. Bg2 O-O 5. e3 c6 6. Nge2 d5 7. cxd5 exd5 8. d4
Bf5 9. O-O Nbd7 10. f3 Nb6 11. e4 dxe4 12. fxe4 Bg4 13. Qd3 Qd7 14. Bg5 h6 15.
Bxf6 Bxf6 16. Rxf6 gxf6 17. Nf4 Kh8 18. h3 Be6 19. Nh5 Qe7 20. Qe3 Kh7 21. Rf1
Nd7 22. e5 f5 23. Ne4 Kg6 24. Nef6 Nxf6 25. Nxf6 Rad8 26. g4 fxg4 27. Qe4+ Kg5
28. h4+ Kxh4 29. Kf2
1-0

[Event "Landsturneringen NM i sjakk 2013"]
[Site "Radisson Blu Lillehammer Hotel"]
[Date "2013.06.29"]
[Round "2"]
[White "Hauan, Tore Martin Madsø"]
[Black "Birkestrand, Odd H"]
[Result "1-0"]
[WhiteElo "1367"]
[BlackElo "1412"]
[PlyCount "127"]
[EventDate "2013.??.??"]

1. d4 f5 2. c4 Nf6 3. Nc3 e6 4. Bf4 Bb4 5. Qb3 Bxc3+ 6. bxc3 d6 7. g3 O-O 8.
Bg2 c6 9. Nf3 Qe7 10. Rd1 Rd8 11. O-O Nbd7 12. Rfe1 Nf8 13. Bc1 Qe8 14. a4 Kh8
15. Ba3 Qh5 16. h3 Ne4 17. Nh2 Ng5 18. h4 Ne4 19. d5 exd5 20. cxd5 c5 21. Bc1
Nd7 22. Bf4 Nf8 23. a5 Qe8 24. c4 Ng6 25. e3 Rb8 26. Qb2 Kg8 27. h5 Nxf4 28.
exf4 Qxh5 29. g4 Qf7 30. Bxe4 fxe4 31. Rxe4 Bd7 32. Rde1 Qg6 33. f3 b6 34. axb6
Rxb6 35. Qa1 Rdb8 36. Qxa7 R6b7 37. Qa1 Rb2 38. Qc1 Qh6 39. R4e2 Rxe2 40. Rxe2
Qg6 41. Qe3 Re8 42. Qd2 Qb1+ 43. Kg2 Qg6 44. Rxe8+ Qxe8 45. Qd3 h5 46. Qe4 hxg4
47. Qxe8+ Bxe8 48. fxg4 Ba4 49. Nf1 Bb3 50. Ne3 Kf7 51. Kg3 g6 52. g5 Ba2 53.
Kg4 Ke7 54. f5 Kf7 55. f6 Bb1 56. Kf3 Ba2 57. Ke2 Bb3 58. Kd2 Ba4 59. Kc3 Bd7
60. Kb3 Be8 61. Nc2 Kf8 62. Na3 Bd7 63. Nb5 Bg4 64. Nxd6 1-0

[Event "Landsturneringen NM i sjakk 2013"]
[Site "Radisson Blu Lillehammer Hotel"]
[Date "2013.06.29"]
[Round "2"]
[White "Knutsen, Tom-Greger"]
[Black "Wærstad, Leif Edvin"]
[Result "1-0"]
[WhiteElo "1246"]
[BlackElo "1332"]
[PlyCount "39"]
[EventDate "2013.??.??"]

1. d4 Nf6 2. Nf3 g6 3. Bf4 Bg7 4. Nbd2 d5 5. h3 Nbd7 6. c4 c6 7. c5 O-O 8. e3
b6 9. b4 Bb7 10. Bd3 Nh5 11. Bg5 h6 12. Bh4 a5 13. g4 g5 14. gxh5 gxh4 15. Rg1
Kh8 16. Nxh4 Rg8 17. Qf3 e5 18. Qxf7 Qxh4 19. Qxd7 exd4 20. Qf5
1-0

[Event "Landsturneringen NM i sjakk 2013"]
[Site "Radisson Blu Lillehammer Hotel"]
[Date "2013.06.29"]
[Round "2"]
[White "Larsen, Bror Johannes"]
[Black "Prytz, Tormod"]
[Result "1/2-1/2"]
[WhiteElo "1463"]
[BlackElo "1377"]
[PlyCount "77"]
[EventDate "2013.??.??"]

1. d4 d5 2. Nf3 Nf6 3. Bf4 e6 4. e3 Nbd7 5. h3 c5 6. c3 c4 7. Nbd2 b5 8. b4 Nb6
9. Be2 Bd6 10. Ne5 O-O 11. Qc2 Bb7 12. O-O Qc7 13. a3 Nfd7 14. Nxd7 Nxd7 15.
Bxd6 Qxd6 16. Bf3 e5 17. Rfe1 e4 18. Be2 f5 19. f3 Nf6 20. fxe4 fxe4 21. Rf1
Nd7 22. Rxf8+ Rxf8 23. Rf1 Rxf1+ 24. Nxf1 Nf6 25. Nh2 Bc8 26. Qd1 Qg3 27. Nf1
Qh4 28. Nh2 Qg3 29. Nf1 Qg5 30. Kh2 g6 31. Qe1 Kg7 32. Qg3 Qxg3+ 33. Nxg3 h5
34. Nh1 g5 35. Nf2 Kg6 36. g4 h4 37. Bd1 a6 38. a4 Bd7 39. a5 1/2-1/2

[Event "Landsturneringen NM i sjakk 2013"]
[Site "Radisson Blu Lillehammer Hotel"]
[Date "2013.06.29"]
[Round "2"]
[White "Sørensen, Idar"]
[Black "Olsen, Jens Petter"]
[Result "0-1"]
[WhiteElo "1230"]
[BlackElo "1284"]
[PlyCount "88"]
[EventDate "2013.??.??"]

1. d4 d5 2. c4 e6 3. e3 Nf6 4. Nc3 Nbd7 5. Nf3 Be7 6. Bd3 O-O 7. O-O a6 8. a3
b6 9. Ne5 Bd6 10. f4 Bb7 11. b4 c5 12. Rb1 Rb8 13. Qa4 dxc4 14. bxc5 b5 15.
Nxb5 axb5 16. Qxb5 Bxe5 17. fxe5 Bxg2 18. Qxc4 Bxf1 19. Rxb8 Qxb8 20. exf6 Bxd3
21. Qxd3 Nxf6 22. e4 Qa8 23. e5 Qe4 24. Qd2 Qg4+ 25. Qg2 Qxg2+ 26. Kxg2 Nd5 27.
Kf3 Rb8 28. Ke2 Rb1 29. Kd2 Rb8 30. Kc2 f6 31. exf6 gxf6 32. Bd2 f5 33. a4 f4
34. Kd3 f3 35. Be1 Rf8 36. Bf2 Rf4 37. a5 Nb4+ 38. Ke3 Rf8 39. Ke4 Kg7 40. Ke3
Kg6 41. h4 Kh5 42. Bg3 Kg4 43. Kf2 Nd3+ 44. Ke3 Kxg3 0-1

[Event "Landsturneringen NM i sjakk 2013"]
[Site "Radisson Blu Lillehammer Hotel"]
[Date "2013.06.29"]
[Round "2"]
[White "Jacobsen, Hans-Henry"]
[Black "Bergquist, Rune"]
[Result "0-1"]
[WhiteElo "1428"]
[BlackElo "1394"]
[PlyCount "144"]
[EventDate "2013.??.??"]

1. c4 e6 2. e3 d5 3. Nf3 Nf6 4. Nc3 c5 5. b3 Nc6 6. cxd5 exd5 7. Bb5 Bg4 8. d4
cxd4 9. exd4 Bb4 10. Qd3 Bxf3 11. Qxf3 O-O 12. Bxc6 Qe7+ 13. Kd1 bxc6 14. Bg5
Qd6 15. Bxf6 Qxf6 16. Qxf6 gxf6 17. Ne2 Rfe8 18. Rc1 Rac8 19. h4 Re4 20. f3 Re3
21. Rc2 Rce8 22. f4 f5 23. Rf1 Rd3+ 24. Kc1 Ba3+ 25. Kb1 Rde3 26. Rf2 R8e6 27.
g3 Rxg3 28. Rc3 Rxc3 29. Nxc3 Be7 30. Rh2 Bf6 31. Ne2 Bxh4 32. Kc2 Be7 33. Kd3
Rg6 34. Rh5 Kg7 35. Rxf5 h6 36. Rh5 Bf6 37. Rh3 Rg4 38. Ke3 Kg6 39. Ng3 Rh4 40.
Rxh4 Bxh4 41. Ne2 Kf5 42. Kf3 Be7 43. Ng3+ Kg6 44. Kg4 f5+ 45. Kf3 h5 46. Ne2
h4 47. Nc1 Bf6 48. Ne2 Kh5 49. a3 Be7 50. a4 Bf6 51. b4 a6 52. b5 cxb5 53. axb5
axb5 54. Nc3 Bxd4 55. Nxd5 Kg6 56. Kg2 Bc5 57. Kh3 b4 58. Kxh4 Bf2+ 59. Kh3 b3
60. Nc3 b2 61. Nb1 Kh5 62. Kg2 Bd4 63. Kf3 Kh4 64. Nd2 Bb6 65. Nb1 Ba5 66. Ke3
Kg3 67. Kd3 Bd8 68. Ke3 Bc7 69. Kd3 Bxf4 70. Kc2 Be5 71. Nd2 Bg7 72. Kd1 Kf2
0-1

[Event "Landsturneringen NM i sjakk 2013"]
[Site "Radisson Blu Lillehammer Hotel"]
[Date "2013.06.29"]
[Round "2"]
[White "Olsen, Trygve"]
[Black "Stensen, Lars A"]
[Result "1-0"]
[WhiteElo "1287"]
[BlackElo "1360"]
[PlyCount "77"]
[EventDate "2013.??.??"]

1. f4 Nf6 2. e3 c5 3. Nf3 Nc6 4. Nc3 d5 5. d4 cxd4 6. exd4 Bg4 7. Be2 Bxf3 8.
Bxf3 e6 9. O-O Be7 10. Be3 O-O 11. a3 a6 12. b3 b5 13. Ne2 Rc8 14. Qd3 Nb8 15.
Rfc1 Qc7 16. c3 Ne8 17. Bf2 Nd6 18. g3 Nd7 19. Kg2 Nb6 20. h4 f5 21. Be1 Ne4
22. Bxe4 fxe4 23. Qe3 h5 24. Bd2 Rf6 25. Ng1 Rg6 26. Kh2 Rg4 27. Rf1 Rf8 28.
Nh3 Rf5 29. Qe2 Bxh4 30. gxh4 Rxh4 31. Kg2 Rg4+ 32. Kf2 g5 33. Rg1 Rxg1 34.
Rxg1 g4 35. Qe3 Kf8 36. Ng5 Qe7 37. Kg3 Nd7 38. c4 Nf6 39. Bb4 1-0

[Event "Landsturneringen NM i sjakk 2013"]
[Site "Radisson Blu Lillehammer Hotel"]
[Date "2013.06.29"]
[Round "2"]
[White "Kirkesola, Gitle"]
[Black "Ugland, Torge"]
[Result "1-0"]
[WhiteElo "1287"]
[BlackElo "1413"]
[PlyCount "81"]
[EventDate "2013.??.??"]

1. e4 e5 2. Nf3 Nc6 3. Bc4 Bc5 4. c3 Nf6 5. d4 exd4 6. cxd4 Bb4+ 7. Nc3 d5 8.
exd5 Nxd5 9. O-O Be6 10. Qd3 O-O 11. a3 Be7 12. Bd2 Qd7 13. Rfe1 Rad8 14. Rad1
Rfe8 15. Bb5 Bf6 16. Bg5 Bxg5 17. Nxg5 Nf6 18. d5 Qc8 19. dxe6 Rxd3 20. exf7+
Kf8 21. fxe8=Q+ Nxe8 22. Rxd3 Nf6 23. Rf3 h6 24. Nh7+ Kf7 25. Nxf6 gxf6 26. Nd5
f5 27. Bxc6 bxc6 28. Re7+ Kf8 29. Rxc7 Qe6 30. Ne3 Ke8 31. Rxf5 Qd6 32. Rxa7
Qb8 33. Rh7 Qxb2 34. h3 Qb1+ 35. Kh2 c5 36. Rxh6 c4 37. Re5+ Kd7 38. Nxc4 Qc2
39. Rd6+ Kc7 40. Rc5+ Kb8 41. Rb6+
1-0

[Event "Landsturneringen NM i sjakk 2013"]
[Site "Radisson Blu Lillehammer Hotel"]
[Date "2013.06.29"]
[Round "3"]
[White "Fossan, Andreas"]
[Black "Lorem, Geir F"]
[Result "1/2-1/2"]
[WhiteElo "1289"]
[BlackElo "1425"]
[PlyCount "58"]
[EventDate "2013.??.??"]

1. d4 d5 2. c4 c6 3. Nf3 Nf6 4. Nc3 a6 5. e3 Bf5 6. b3 e6 7. Bd2 c5 8. Be2 Nc6
9. cxd5 exd5 10. O-O Bd6 11. dxc5 Bxc5 12. Na4 Ba7 13. Rc1 d4 14. exd4 Nxd4 15.
Re1 O-O 16. Bg5 Nxe2+ 17. Qxe2 h6 18. Qe5 Be6 19. Bxf6 Qxf6 20. Qxf6 gxf6 21.
Rc7 Rfc8 22. Rec1 Rxc7 23. Rxc7 Rc8 24. Rxc8+ Bxc8 25. Kf1 Kf8 26. Nc3 Bf5 27.
Nd5 Bd3+ 28. Ke1 Kg7 29. Nf4 Bb5 1/2-1/2

[Event "Landsturneringen NM i sjakk 2013"]
[Site "Radisson Blu Lillehammer Hotel"]
[Date "2013.06.29"]
[Round "3"]
[White "Hoem, Audun"]
[Black "Røilid, S. Kristian"]
[Result "1-0"]
[WhiteElo "1376"]
[BlackElo "1314"]
[PlyCount "41"]
[EventDate "2013.??.??"]

1. Nf3 d5 2. g3 Nf6 3. Bg2 Bf5 4. O-O Nbd7 5. d4 e6 6. c4 dxc4 7. Nc3 c6 8. Re1
Bb4 9. Nd2 Nb6 10. e4 Bg4 11. f3 Qxd4+ 12. Kh1 Bxc3 13. bxc3 Qxc3 14. Rb1 Bh5
15. e5 Nfd5 16. Ne4 Qa5 17. Nd6+ Ke7 18. Nxb7 Qxa2 19. Qd4 Kd7 20. Ra1 Qb3 21.
Nc5+ 1-0

[Event "Landsturneringen NM i sjakk 2013"]
[Site "Radisson Blu Lillehammer Hotel"]
[Date "2013.06.29"]
[Round "3"]
[White "Steinkellner, Rudolf"]
[Black "Jensen, Torben Winther"]
[Result "1-0"]
[WhiteElo "1449"]
[BlackElo "1491"]
[PlyCount "63"]
[EventDate "2013.??.??"]

1. e4 c5 2. Nc3 Nc6 3. g3 d6 4. Bg2 Nf6 5. d3 h6 6. h3 Rb8 7. Be3 Bd7 8. Qd2 e5
9. Nge2 Nd4 10. f4 b5 11. O-O Be7 12. Kh2 Qc8 13. f5 b4 14. Nd1 a5 15. g4 c4
16. Nxd4 exd4 17. Bxd4 cxd3 18. cxd3 Qa6 19. Rc1 Bb5 20. Nf2 O-O 21. h4 Nd7 22.
g5 f6 23. gxh6 Rf7 24. Bf3 Ne5 25. Bxe5 fxe5 26. Bh5 Rf6 27. Rg1 Bf8 28. Qg5 d5
29. Rc7 Rxh6 30. Rxg7+ Kh8 31. Rh7+ Kxh7 32. Qg8# 1-0

[Event "Landsturneringen NM i sjakk 2013"]
[Site "Radisson Blu Lillehammer Hotel"]
[Date "2013.06.29"]
[Round "3"]
[White "Lensebakken, Jonar"]
[Black "Kristiansen, Oddvar"]
[Result "1/2-1/2"]
[WhiteElo "1259"]
[BlackElo "1389"]
[PlyCount "47"]
[EventDate "2013.??.??"]

1. d4 Nf6 2. Nf3 g6 3. Bg5 Bg7 4. e3 d6 5. Bd3 Nbd7 6. c3 c6 7. O-O O-O 8. Nbd2
Re8 9. e4 e5 10. Qb3 Qc7 11. Rac1 Nf8 12. Bh4 Be6 13. Bc4 Bxc4 14. Qxc4 Nxe4
15. dxe5 Nxd2 16. Nxd2 d5 17. Qd3 Bxe5 18. Nf3 Bg7 19. Rfe1 Ne6 20. Bg3 Qd8 21.
Re2 Nc5 22. Qc2 Rxe2 23. Qxe2 Ne4 24. Re1 1/2-1/2

[Event "Landsturneringen NM i sjakk 2013"]
[Site "Radisson Blu Lillehammer Hotel"]
[Date "2013.06.29"]
[Round "3"]
[White "Gaarder, Hans K"]
[Black "Ellingsrud, Bjørn"]
[Result "1/2-1/2"]
[WhiteElo "1404"]
[BlackElo "1262"]
[PlyCount "40"]
[EventDate "2013.??.??"]

1. Nf3 Nc6 2. g3 e5 3. d3 d5 4. Bg2 Nf6 5. O-O Bc5 6. c4 O-O 7. cxd5 Nxd5 8.
Qc2 Bb6 9. Na3 Nd4 10. Nxd4 exd4 11. Bd2 Re8 12. Rfe1 Be6 13. Nc4 Rc8 14. Nxb6
axb6 15. e3 dxe3 16. fxe3 c5 17. a3 Re7 18. e4 Nc7 19. Bg5 f6 20. Be3 Nb5
1/2-1/2

[Event "Landsturneringen NM i sjakk 2013"]
[Site "Radisson Blu Lillehammer Hotel"]
[Date "2013.06.29"]
[Round "3"]
[White "Tallaksen, Henrik G"]
[Black "Berezkin, Alexander"]
[Result "1/2-1/2"]
[WhiteElo "1293"]
[BlackElo "1345"]
[PlyCount "39"]
[EventDate "2013.??.??"]

1. c4 e5 2. Nc3 Nf6 3. g3 d5 4. cxd5 Nxd5 5. Bg2 Be6 6. Nf3 Nd7 7. O-O c5 8. d3
Be7 9. Bd2 O-O 10. e3 Nxc3 11. Bxc3 Bf6 12. d4 exd4 13. exd4 Bd5 14. dxc5 Bxc3
15. Qxd5 Bxb2 16. Rab1 Ba3 17. Rxb7 Nxc5 18. Qxd8 Rfxd8 19. Rc7 Ne6 20. Rc3
1/2-1/2

[Event "Landsturneringen NM i sjakk 2013"]
[Site "Radisson Blu Lillehammer Hotel"]
[Date "2013.06.29"]
[Round "3"]
[White "Bergquist, Rune"]
[Black "Hauan, Tore Martin Madsø"]
[Result "1-0"]
[WhiteElo "1394"]
[BlackElo "1367"]
[PlyCount "51"]
[EventDate "2013.??.??"]

1. d4 Nf6 2. c4 d5 3. cxd5 Nxd5 4. Nf3 g6 5. e4 Nb6 6. Nc3 Bg7 7. Be3 O-O 8.
Qc2 N8d7 9. Rd1 c6 10. Be2 Qc7 11. e5 e6 12. Nb5 Qd8 13. Nd6 Nd5 14. Bd2 f6 15.
O-O fxe5 16. dxe5 Nxe5 17. Ne4 Nxf3+ 18. Bxf3 Qc7 19. Rfe1 e5 20. Ng5 Bf5 21.
Bxd5+ Kh8 22. Be4 Rae8 23. Bxf5 Rxf5 24. Ne4 b6 25. Be3 h5 26. Nd6 1-0

[Event "Landsturneringen NM i sjakk 2013"]
[Site "Radisson Blu Lillehammer Hotel"]
[Date "2013.06.29"]
[Round "3"]
[White "Hjortås, Olav"]
[Black "Lind, Magne"]
[Result "1-0"]
[WhiteElo "1441"]
[BlackElo "1284"]
[PlyCount "59"]
[EventDate "2013.??.??"]

1. d4 d5 2. Bg5 Nf6 3. Bxf6 exf6 4. e3 Be7 5. c4 c6 6. Nc3 dxc4 7. Bxc4 O-O 8.
Nf3 Be6 9. Be2 Nd7 10. O-O Nb6 11. Rc1 c5 12. Qd2 cxd4 13. Nxd4 Nc4 14. Qc2 Rc8
15. Rfd1 Nd6 16. Qb1 a6 17. Bf3 Qb6 18. Bd5 Rxc3 19. Rxc3 Bxd5 20. Nf5 Be4 21.
Nxe7+ Kh8 22. Qc1 Re8 23. Nc8 Nxc8 24. Rxc8 Bc6 25. Rxe8+ Bxe8 26. Qc8 h6 27.
Qxe8+ Kh7 28. Qxf7 Qxb2 29. h3 Qe2 30. Rd7 1-0

[Event "Landsturneringen NM i sjakk 2013"]
[Site "Radisson Blu Lillehammer Hotel"]
[Date "2013.06.29"]
[Round "3"]
[White "Olsen, Jens Petter"]
[Black "Kirkesola, Gitle"]
[Result "1/2-1/2"]
[WhiteElo "1284"]
[BlackElo "1287"]
[PlyCount "53"]
[EventDate "2013.??.??"]

1. e4 e5 2. Nf3 Nc6 3. Bb5 a6 4. Ba4 Nf6 5. O-O Be7 6. Re1 b5 7. Bb3 O-O 8. c3
d5 9. d3 Bg4 10. Nbd2 Qd7 11. Nf1 Rad8 12. Ng3 dxe4 13. dxe4 Qxd1 14. Bxd1 h6
15. h3 Be6 16. Be3 Rd7 17. Nh4 Nxe4 18. Ngf5 Bg5 19. Bf3 Bxh4 20. Nxh4 f5 21.
Bxe4 fxe4 22. g4 g5 23. Ng2 Bc4 24. Bc5 Rf3 25. Rxe4 Bd5 26. Re3 Rdf7 27. Rxf3
1/2-1/2

[Event "Landsturneringen NM i sjakk 2013"]
[Site "Radisson Blu Lillehammer Hotel"]
[Date "2013.06.29"]
[Round "3"]
[White "Kveli, Lars"]
[Black "Brekke, John Ivar"]
[Result "0-1"]
[WhiteElo "1449"]
[BlackElo "1384"]
[PlyCount "76"]
[EventDate "2013.??.??"]

1. d4 Nf6 2. Nf3 b6 3. e3 e6 4. a3 Bb7 5. Nbd2 d5 6. Bd3 c5 7. b3 Nbd7 8. O-O
Be7 9. Bb2 O-O 10. Rc1 Rc8 11. c4 Rc7 12. Ne5 Nxe5 13. dxe5 Nd7 14. f4 f5 15.
exf6 Nxf6 16. g4 Ne8 17. g5 Bxg5 18. Bxh7+ Kxh7 19. Qh5+ Bh6 20. Nf3 Kg8 21.
Rc2 Nf6 22. Qh3 Bc8 23. Rg2 Kh8 24. Ne5 Kh7 25. Kf2 d4 26. exd4 cxd4 27. Qd3+
Kg8 28. Ng6 Re8 29. Rfg1 Bb7 30. Rg3 Ne4+ 31. Ke1 Nxg3 32. hxg3 b5 33. cxb5 e5
34. fxe5 Be3 35. Rf1 Qg5 36. Bxd4 Bxd4 37. Qxd4 Qxg6 38. Qf4 Qe4+ 0-1

[Event "Landsturneringen NM i sjakk 2013"]
[Site "Radisson Blu Lillehammer Hotel"]
[Date "2013.06.29"]
[Round "3"]
[White "Kristensen, Trond"]
[Black "Fadnes, Bård"]
[Result "1-0"]
[WhiteElo "1346"]
[BlackElo "1396"]
[PlyCount "81"]
[EventDate "2013.??.??"]

1. e4 c5 2. f4 d5 3. exd5 Qxd5 4. Nc3 Qd8 5. Nf3 a6 6. Be2 Nf6 7. O-O Nc6 8. d3
e6 9. Re1 Be7 10. Be3 O-O 11. Ne4 b6 12. Kh1 Nd5 13. Bd2 Qc7 14. Qc1 Bb7 15.
Nfg5 Nd4 16. Bf1 Qc6 17. Qd1 h6 18. Nf3 Qc7 19. Qc1 Nxf3 20. gxf3 Bh4 21. Re2
Ne7 22. Rg2 f5 23. Bc3 Rf7 24. Be5 Qd7 25. Nd2 Nc6 26. Nc4 Qd8 27. Nd6 Rd7 28.
Be2 Nxe5 29. fxe5 Bg5 30. Qg1 Bf4 31. Rg6 Qe7 32. Nxb7 Rxb7 33. Qg2 b5 34. Rd1
Rd8 35. b3 Kh7 36. Rg1 Qf7 37. Qh3 Bxe5 38. f4 Bf6 39. Bh5 Qc7 40. Rxf6 Qc6+
41. Bf3 1-0

[Event "Landsturneringen NM i sjakk 2013"]
[Site "Radisson Blu Lillehammer Hotel"]
[Date "2013.06.29"]
[Round "3"]
[White "Jacobsen, Caroline Beer"]
[Black "Gåsøy, Joakim"]
[Result "0-1"]
[WhiteElo "1334"]
[BlackElo "1277"]
[PlyCount "66"]
[EventDate "2013.??.??"]

1. c4 Nf6 2. g3 d5 3. d4 c6 4. Bg2 Bf5 5. Nc3 e6 6. Nf3 dxc4 7. Nh4 Bg6 8. e4
Bb4 9. Nxg6 hxg6 10. Bg5 Qa5 11. Qd2 O-O 12. Bxf6 gxf6 13. O-O Nd7 14. a3 Bxc3
15. bxc3 Rad8 16. f4 Nc5 17. Qb2 Nd3 18. Qc2 Kg7 19. Rfd1 Rh8 20. Bf1 Rh6 21.
Bxd3 cxd3 22. Qxd3 Rdh8 23. h4 Qh5 24. Kg2 g5 25. hxg5 Qh2+ 26. Kf3 fxg5 27.
Rg1 g4+ 28. Ke3 Rh3 29. Rad1 Rxg3+ 30. Rxg3 Qxg3+ 31. Kd2 Rh2+ 32. Kc1 Qxf4+
33. Kb1 Qf2 0-1

[Event "Landsturneringen NM i sjakk 2013"]
[Site "Radisson Blu Lillehammer Hotel"]
[Date "2013.06.29"]
[Round "3"]
[White "Dybvik, Bjørn Noralf"]
[Black "Olsen, Trygve"]
[Result "1-0"]
[WhiteElo "1252"]
[BlackElo "1287"]
[PlyCount "69"]
[EventDate "2013.??.??"]

1. e4 c5 2. Nf3 g6 3. d4 Bg7 4. c3 cxd4 5. cxd4 Nf6 6. Nc3 d5 7. e5 Ne4 8. Bb5+
Nc6 9. Qb3 Nxc3 10. Qxc3 Qb6 11. Ba4 O-O 12. Bb3 e6 13. O-O a5 14. Be3 a4 15.
Bc2 Nb4 16. a3 Nxc2 17. Qxc2 Bd7 18. Qd2 Bb5 19. Rfc1 Bc4 20. Rc3 Rfc8 21. Rac1
Qd8 22. Bg5 f6 23. exf6 Bxf6 24. Bxf6 Qxf6 25. Ne5 b5 26. Qh6 Ra7 27. Rf3 Qg7
28. Qh3 Ra6 29. Rf7 Qh8 30. Rc3 b4 31. axb4 Rb6 32. g3 Rxb4 33. Qxe6 Qxe5 34.
dxe5 Ba6 35. Rfc7+ 1-0

[Event "Landsturneringen NM i sjakk 2013"]
[Site "Radisson Blu Lillehammer Hotel"]
[Date "2013.06.29"]
[Round "3"]
[White "Strand, Ingrid"]
[Black "Larsen, Bror Johannes"]
[Result "0-1"]
[WhiteElo "1316"]
[BlackElo "1463"]
[PlyCount "72"]
[EventDate "2013.??.??"]

1. d4 Nf6 2. c4 g6 3. Nc3 d6 4. Bf4 Bg7 5. Nf3 O-O 6. e4 Nh5 7. Be3 f5 8. Bd3
f4 9. Bd2 Nc6 10. d5 Nd4 11. Nxd4 Bxd4 12. Be2 Ng7 13. Bf3 e5 14. Qe2 Bd7 15.
O-O-O c6 16. g3 cxd5 17. exd5 Qb6 18. b3 Qa5 19. Nb5 Qxa2 20. Nxd4 exd4 21. Bb4
Qxb3 22. Bxd6 Bf5 23. Be4 Rfe8 24. Qd3 Qa2 25. Bxf5 Nxf5 26. Bxf4 Rac8 27. Rd2
Qa1+ 28. Qb1 Rxc4+ 29. Rc2 Rxc2+ 30. Kxc2 Rc8+ 31. Kd3 Qc3+ 32. Ke2 Re8+ 33.
Kd1 Qf3+ 34. Kc2 Re2+ 35. Bd2 Qc3+ 36. Kd1 Qxd2# 0-1

[Event "Landsturneringen NM i sjakk 2013"]
[Site "Radisson Blu Lillehammer Hotel"]
[Date "2013.06.29"]
[Round "3"]
[White "Birkestrand, Odd H"]
[Black "Prytz, Tormod"]
[Result "1-0"]
[WhiteElo "1412"]
[BlackElo "1377"]
[PlyCount "87"]
[EventDate "2013.??.??"]

1. e4 e5 2. Nf3 Nc6 3. Bc4 Bc5 4. c3 d6 5. d4 exd4 6. cxd4 Bb4+ 7. Bd2 Bxd2+ 8.
Nbxd2 a6 9. O-O Nge7 10. Bb3 O-O 11. Re1 d5 12. e5 Be6 13. Bc2 Nf5 14. Nb3 b6
15. Qd2 h6 16. Rac1 Nce7 17. g4 Nh4 18. Nxh4 Bxg4 19. Qf4 Be6 20. Qg3 Kh8 21.
Kh1 Rc8 22. Rg1 Rg8 23. Qd3 g6 24. Rg3 Kh7 25. Rcg1 Qe8 26. f4 Nf5 27. Nxf5
Bxf5 28. Qd2 Bxc2 29. Qxc2 Qe6 30. h4 Qf5 31. Qxf5 gxf5 32. Rxg8 Rxg8 33. Rxg8
Kxg8 34. h5 Kf8 35. Kg2 Ke7 36. Kf2 Kd7 37. Ke3 Kc6 38. Nd2 Kd7 39. Kd3 Ke7 40.
Kc3 c6 41. Nf3 Ke6 42. Ne1 Kd7 43. Nc2 Kc7 44. Ne3 1-0

[Event "Landsturneringen NM i sjakk 2013"]
[Site "Radisson Blu Lillehammer Hotel"]
[Date "2013.06.29"]
[Round "3"]
[White "Dyrhaug, Sverre S"]
[Black "Jacobsen, Hans-Henry"]
[Result "1-0"]
[WhiteElo "1335"]
[BlackElo "1428"]
[PlyCount "61"]
[EventDate "2013.??.??"]

1. e4 c5 2. Nf3 Nc6 3. d4 cxd4 4. Nxd4 g6 5. Nc3 Bg7 6. Be3 Nf6 7. Bc4 Qa5 8.
f3 Qb4 9. Bb3 Nxe4 10. Nxc6 Bxc3+ 11. bxc3 Qxc3+ 12. Kf1 Qxc6 13. fxe4 Qxe4 14.
Qe2 e6 15. Bh6 Qxe2+ 16. Kxe2 b6 17. Rhf1 Ba6+ 18. c4 d5 19. Ba4+ Ke7 20. Bg5+
Kf8 21. Bh6+ Kg8 22. Bb5 Bxb5 23. cxb5 f5 24. Rac1 Kf7 25. Rc7+ Ke8 26. Rfc1
Kd8 27. R1c6 a6 28. bxa6 Rxa6 29. Bg5+ Ke8 30. Rxe6+ Kf8 31. Bh6+ 1-0

[Event "Landsturneringen NM i sjakk 2013"]
[Site "Radisson Blu Lillehammer Hotel"]
[Date "2013.06.29"]
[Round "3"]
[White "Kjernlie, Ole Ivar"]
[Black "Stanghelle, Anders"]
[Result "1-0"]
[WhiteElo "1227"]
[BlackElo "1333"]
[PlyCount "33"]
[EventDate "2013.??.??"]

1. e4 c5 2. b4 cxb4 3. a3 bxa3 4. Bxa3 d6 5. Bb5+ Bd7 6. Bxd7+ Qxd7 7. d4 Nc6
8. Nf3 Qg4 9. O-O Qxe4 10. Re1 Qg6 11. Nc3 O-O-O 12. d5 Nb8 13. Qd4 b6 14. Qc4+
Kb7 15. Bb4 Rc8 16. Rxa7+ Kxa7 17. Qxc8 1-0

[Event "Landsturneringen NM i sjakk 2013"]
[Site "Radisson Blu Lillehammer Hotel"]
[Date "2013.06.29"]
[Round "4"]
[White "Lorem, Geir F"]
[Black "Lensebakken, Jonar"]
[Result "1-0"]
[WhiteElo "1425"]
[BlackElo "1259"]
[PlyCount "91"]
[EventDate "2013.??.??"]

1. d4 d5 2. c4 c6 3. Nf3 Nf6 4. e3 Bg4 5. Qb3 Bxf3 6. Qxb7 Nbd7 7. gxf3 Qc8 8.
Qxc8+ Rxc8 9. Nc3 e6 10. Bd2 Be7 11. Rc1 O-O 12. c5 e5 13. b4 exd4 14. exd4
Rfe8 15. Be3 Nf8 16. a4 N6d7 17. b5 Bg5 18. Kd2 Bf6 19. bxc6 Nxc5 20. dxc5 d4
21. Ne4 dxe3+ 22. fxe3 Red8+ 23. Kc2 Rxc6 24. Bb5 Re6 25. Nxf6+ Rxf6 26. Rhf1
Rc8 27. Kd3 Rc7 28. c6 a6 29. Bxa6 Rcxc6 30. Rxc6 Rxc6 31. Bb5 Rd6+ 32. Kc2 Ne6
33. Rd1 Rb6 34. Rd5 g6 35. Kc3 Nc7 36. Rc5 Ne6 37. Rc6 Rb8 38. Be2 Nd8 39. Rc5
Ne6 40. Rb5 Ra8 41. Kb4 Nd8 42. Rb6 Ne6 43. a5 Nc7 44. Bc4 Kf8 45. a6 Ne8 46.
Kb5 1-0